UM Logo
Normal view MARC view
  • Entrepreneurs.

Entry Topical Term

Number of records used in: 1

001 - CONTROL NUMBER

  • control field: 39929

003 - CONTROL NUMBER IDENTIFIER

  • control field: OSt

005 - DATE AND TIME OF LATEST TRANSACTION

  • control field: 20190925085203.0

008 - FIXED-LENGTH DATA ELEMENTS

  • fixed length control field: 190925|| aca||aabn | a|a d

040 ## - CATALOGING SOURCE

  • Original cataloging agency: OSt
  • Transcribing agency: OSt

150 ## - HEADING--TOPICAL TERM

  • Topical term or geographic name entry element: Entrepreneurs.

670 ## - SOURCE DATA FOUND

  • Source citation: Work cat.: (OSt)14219: 39378 Fitzpatrick, Alex., Meet the entrepreneur working to reinvent how you connect to the internet/, c2016.